| 000 | 00618nam a22002297a 4500 | ||
|---|---|---|---|
| 003 | OSt | ||
| 005 | 20140310183031.0 | ||
| 008 | 130218t xxu||||| |||| 00| 0 eng d | ||
| 020 | _a9789712352065 | ||
| 050 |
_aQA 159 _b.Sa237 2009 |
||
| 082 |
_aFIL 512 _bS5 2009 |
||
| 245 |
_aRudiments of College Algebra and Trigonometry _cSantos, Gil Nonato C. |
||
| 260 |
_aManila _bRex Book Store _c2009 |
||
| 300 |
_a vi, 311 p. : _b ill. ; _c23 cm. |
||
| 521 | _acollege students | ||
| 526 | _c1210L-1700L | ||
| 541 | _j1 | ||
| 541 | _j2 | ||
| 541 | _j3 | ||
| 562 | _e3 | ||
| 942 |
_2lcc _cBK _kFIL |
||
| 999 |
_c18445 _d18445 |
||